Sector differentiated capital taxation with imperfect competition and inter-industry flows (Registro nro. 25934)

Detalles MARC
000 -LEADER
fixed length control field 00379 a2200109 4500
001 - CONTROL NUMBER
control field ART_11899
005 - DATE AND TIME OF LATEST TRANSACTION
control field 20260410161901.0
008 - FIXED-LENGTH DATA ELEMENTS--GENERAL INFORMATION
fixed length control field 260409a
100 1# - MAIN ENTRY--PERSONAL NAME
Personal name Willig, R.D.
245 10 - TITLE STATEMENT
Title Sector differentiated capital taxation with imperfect competition and inter-industry flows
773 0# - HOST ITEM ENTRY
Title Journal of public economics
Related parts - Vol. 21, Nº 2 (jul. 1983)
Record control number REV11485

No hay ítems disponibles.